| 000 | 00489nam a2200157 i 4500 | ||
|---|---|---|---|
| 001 | 91604 | ||
| 003 | ES-MaACL | ||
| 005 | 20230906180749.0 | ||
| 007 | t| | ||
| 008 | 050201s1999 cl ||||1| spa d | ||
| 245 | 0 | 0 |
_aLey número 17934 _b: reprime tráfico de estupefacientes. |
| 260 |
_aValparaíso : _b[s.n., _c1973] |
||
| 300 |
_a10 h. ; _c21 cm. |
||
| 500 | _aEs tirada a parte de : "Revista de Ciencias Jurídicas", 1973, nº 4, P. 189-206. | ||
| 852 |
_aES-MaACL _j2096-F-23 _bR.1973 |
||
| 999 |
_c91604 _d91604 |
||